Numertical Analysis (Record no. 5252)

MARC details
000 -LEADER
fixed length control field 00580nam a22002177a 4500
003 - CONTROL NUMBER IDENTIFIER
control field OSt
005 - DATE AND TIME OF LATEST TRANSACTION
control field 20160919141522.0
008 - FIXED-LENGTH DATA ELEMENTS--GENERAL INFORMATION
fixed length control field 160919b xxu||||| |||| 00| 0 eng d
020 ## - INTERNATIONAL STANDARD BOOK NUMBER
International Standard Book Number 9780538735643
020 ## - INTERNATIONAL STANDARD BOOK NUMBER
International Standard Book Number 0538735643
040 ## - CATALOGING SOURCE
Transcribing agency DDC
082 ## - DEWEY DECIMAL CLASSIFICATION NUMBER
Classification number 518 BUR 2011
100 ## - MAIN ENTRY--PERSONAL NAME
Personal name Burden, Richard L; Faires J.Douglas
9 (RLIN) 11073
245 ## - TITLE STATEMENT
Title Numertical Analysis
250 ## - EDITION STATEMENT
Edition statement 9th ed.
260 ## - PUBLICATION, DISTRIBUTION, ETC. (IMPRINT)
Place of publication, distribution, etc. Australia; Cengage Learning, 2011
300 ## - PHYSICAL DESCRIPTION
Extent xiv,872p; col.ill: 25cm
504 ## - BIBLIOGRAPHY, ETC. NOTE
Bibliography, etc Bibliography, & index included
650 ## - SUBJECT ADDED ENTRY--TOPICAL TERM
Topical term or geographic name as entry element Numerical analysis
9 (RLIN) 3742
942 ## - ADDED ENTRY ELEMENTS (KOHA)
Source of classification or shelving scheme Other/Generic Classification Scheme
Koha item type Book Bank
Holdings
Withdrawn status Lost status Source of classification or shelving scheme Damaged status Not for loan Home library Current library Date acquired Source of acquisition Inventory number Total Checkouts Full call number Barcode Date last seen Date last checked out Koha item type Total Renewals
    Dewey Decimal Classification     MUST Main Library MUST Main Library 19/09/2016 Purchase 16/39742 1 518 BUR 2011 2016-4349 24/01/2023 17/01/2023 Open Shelf  
    Dewey Decimal Classification     MUST Main Library MUST Main Library 19/09/2016 Purchase 16/39743 2 518 BUR 2011 2016-4350 10/05/2021 21/04/2021 Open Shelf  
    Dewey Decimal Classification     MUST Main Library MUST Main Library 19/09/2016 Purchase 16/39744 3 518 BUR 2011 2016-4351 01/06/2021 10/05/2021 Open Shelf 1
    Dewey Decimal Classification     MUST Main Library MUST Main Library 19/09/2016 Purchase 16/39745   518 BUR 2011 2016-4352 19/09/2016   Open Shelf